Statistiques concernant Noël par lettre - W

Cliquez ici pour prendre le quiz!

Statistiques générales

  • Ce quiz a été pris 119 fois
  • Le résultat moyen est 6 sur 10

Statistiques - réponses

IndiceRéponse% Correct
S'attache à la locomotive électrique pour parfaire
le train miniature de Noël
Wagon
85%
Région francophone où est consommé le
cougnou pour Noël ou la Saint-Nicolas
Wallonie
73%
Ourson anthropomorphe ami de Jean-Christophe créé
pour une commande d'histoire pour enfants de Noël
Winnie
73%
Abbaye londonienne dans laquelle furent couronnés tous
les monarques britanniques depuis le 25 décembre 1066
Westminster
71%
Groupe à l'origine de la chanson Last ChristmasWham!
67%
Chanson noëlesque de Bing Crosby de 1942 maintes fois
reprises, dont en français sous le titre de Noël blanc
White Christmas
64%
Famille du monde des sorciers dont la mère offre chaque
année de nombreux pull tricotés pour Noël
Weasley
61%
Dans Toy Story, jouet redoutant Noël, de peur d'être
détrôné de son rang de jouet préféré dans le cœur d'Andy
Woody
61%
75% des Français y achètent leurs cadeaux de NoëlWeb
54%
Noël en allemandWeihnachten
29%

Distribution des résultats

Percentile par nombre de réponses

% des personnes avec chaque résultat

Votre développement - résultats

Vous n’avez pas pris ce quiz